<?xml version="1.0" encoding="UTF-8"?>
<record
    xmlns:xsi="http://www.w3.org/2001/XMLSchema-instance"
    xsi:schemaLocation="http://www.loc.gov/MARC21/slim http://www.loc.gov/standards/marcxml/schema/MARC21slim.xsd"
    xmlns="http://www.loc.gov/MARC21/slim">

  <leader>01198nam a22002537a 4500</leader>
  <controlfield tag="003">OSt</controlfield>
  <controlfield tag="005">20210216104706.0</controlfield>
  <controlfield tag="008">210216s    2013ck  oe|gr|||| 00| 0 spa d</controlfield>
  <datafield tag="020" ind1=" " ind2=" ">
    <subfield code="a">9783836523318</subfield>
  </datafield>
  <datafield tag="040" ind1=" " ind2=" ">
    <subfield code="a">CO-JMCR</subfield>
    <subfield code="c">CO-JMCR</subfield>
  </datafield>
  <datafield tag="041" ind1="0" ind2=" ">
    <subfield code="a">spa</subfield>
    <subfield code="a">ita</subfield>
    <subfield code="a">por</subfield>
  </datafield>
  <datafield tag="082" ind1="0" ind2="4">
    <subfield code="a">728.37 / </subfield>
    <subfield code="b">J63c</subfield>
    <subfield code="2">23</subfield>
  </datafield>
  <datafield tag="100" ind1="1" ind2=" ">
    <subfield code="a">Jodidio, Philip, </subfield>
    <subfield code="e">autor</subfield>
    <subfield code="9">13500</subfield>
  </datafield>
  <datafield tag="245" ind1="1" ind2="0">
    <subfield code="a">100 contemporary houses =</subfield>
    <subfield code="b">100 casas contempor&#xE1;neas = 100 case contemporanee = 100 casas contemporaneas / </subfield>
    <subfield code="c">Philip Jodidio</subfield>
  </datafield>
  <datafield tag="246" ind1="3" ind2="1">
    <subfield code="a">One hundred contemporary houses = </subfield>
    <subfield code="b">100 casas contempor&#xE1;neas = 100 case contemporanee = 100 casas contemporaneas</subfield>
  </datafield>
  <datafield tag="260" ind1=" " ind2=" ">
    <subfield code="a">Cologne : </subfield>
    <subfield code="b">Taschen, </subfield>
    <subfield code="c">2013</subfield>
  </datafield>
  <datafield tag="300" ind1=" " ind2=" ">
    <subfield code="a">2 vol&#xFA;menes : </subfield>
    <subfield code="b">ilustraciones y fotograf&#xED;as a color, planos a blanco y negro ; </subfield>
    <subfield code="c">32 cm.</subfield>
  </datafield>
  <datafield tag="505" ind1="0" ind2=" ">
    <subfield code="g">v.1 desde J2 house zagreb / 3LHD hasta Wheatsheaf residence daylesford / Judd Lysenko Marshall</subfield>
    <subfield code="g">v.2 desde G House Yokohama, Kanagawa / Kamayachi + Harigai hasta Single - Family house jena / Peter Zumthor.</subfield>
  </datafield>
  <datafield tag="650" ind1="1" ind2="4">
    <subfield code="a">Casas</subfield>
    <subfield code="v">dise&#xF1;os y planos</subfield>
    <subfield code="9">13501</subfield>
  </datafield>
  <datafield tag="650" ind1="1" ind2="4">
    <subfield code="a">Arquitectura dom&#xE9;stica</subfield>
    <subfield code="9">11935</subfield>
  </datafield>
  <datafield tag="650" ind1="1" ind2="4">
    <subfield code="a">Decoraci&#xF3;n de interiores	  	</subfield>
    <subfield code="9">13502</subfield>
  </datafield>
  <datafield tag="650" ind1="1" ind2="4">
    <subfield code="a">Casas de campo</subfield>
    <subfield code="v">dise&#xF1;os y planos</subfield>
    <subfield code="9">13503</subfield>
  </datafield>
  <datafield tag="942" ind1=" " ind2=" ">
    <subfield code="2">ddc</subfield>
    <subfield code="c">BK</subfield>
  </datafield>
  <datafield tag="999" ind1=" " ind2=" ">
    <subfield code="c">7195</subfield>
    <subfield code="d">7195</subfield>
  </datafield>
  <datafield tag="952" ind1=" " ind2=" ">
    <subfield code="0">0</subfield>
    <subfield code="1">0</subfield>
    <subfield code="2">ddc</subfield>
    <subfield code="4">0</subfield>
    <subfield code="7">0</subfield>
    <subfield code="8">NFIC</subfield>
    <subfield code="a">CPL</subfield>
    <subfield code="b">CPL</subfield>
    <subfield code="d">2018-04-15</subfield>
    <subfield code="e">Donaci&#xF3;n</subfield>
    <subfield code="l">10</subfield>
    <subfield code="o">728.37 /  J63c</subfield>
    <subfield code="p">201808310</subfield>
    <subfield code="r">2025-12-01 08:38:31</subfield>
    <subfield code="s">2025-12-01</subfield>
    <subfield code="t">V.1 / Ej.1</subfield>
    <subfield code="w">2021-02-16</subfield>
    <subfield code="y">BK</subfield>
  </datafield>
  <datafield tag="952" ind1=" " ind2=" ">
    <subfield code="0">0</subfield>
    <subfield code="1">0</subfield>
    <subfield code="2">ddc</subfield>
    <subfield code="4">0</subfield>
    <subfield code="7">0</subfield>
    <subfield code="8">NFIC</subfield>
    <subfield code="a">CPL</subfield>
    <subfield code="b">CPL</subfield>
    <subfield code="d">2018-04-15</subfield>
    <subfield code="e">Donaci&#xF3;n</subfield>
    <subfield code="l">2</subfield>
    <subfield code="o">728.37 /  J63c</subfield>
    <subfield code="p">201808309</subfield>
    <subfield code="r">2026-03-18 13:45:48</subfield>
    <subfield code="s">2026-03-18</subfield>
    <subfield code="t">V.2 / Ej.1</subfield>
    <subfield code="w">2021-02-16</subfield>
    <subfield code="y">BK</subfield>
  </datafield>
</record>
